Detalles MARC
| 000 -LEADER |
| fixed length control field |
03447nam a2200457Ii 4500 |
| 001 - CONTROL NUMBER |
| control field |
DIGRILEDIT0825 |
| 003 - CONTROL NUMBER IDENTIFIER |
| control field |
NyNyDIG |
| 006 - FIXED-LENGTH DATA ELEMENTS--ADDITIONAL MATERIAL CHARACTERISTICS |
| fixed length control field |
m o d |
| 007 - PHYSICAL DESCRIPTION FIXED FIELD--GENERAL INFORMATION |
| fixed length control field |
cr ||||||||||| |
| 008 - FIXED-LENGTH DATA ELEMENTS--GENERAL INFORMATION |
| fixed length control field |
201020s2018 cl a ob 000 0 spa d |
| 035 ## - SYSTEM CONTROL NUMBER |
| System control number |
(OCoLC)1224544366 |
| 040 ## - CATALOGING SOURCE |
| Original cataloging agency |
DGITA |
| Language of cataloging |
eng |
| Description conventions |
rda |
| -- |
pn |
| Transcribing agency |
DGITA |
| 020 ## - INTERNATIONAL STANDARD BOOK NUMBER |
| Canceled/invalid ISBN |
9789560105165 |
| 020 ## - INTERNATIONAL STANDARD BOOK NUMBER |
| Canceled/invalid ISBN |
9560105167 |
| 020 ## - INTERNATIONAL STANDARD BOOK NUMBER |
| Canceled/invalid ISBN |
9789560105166 |
| 050 14 - LIBRARY OF CONGRESS CALL NUMBER |
| Classification number |
T173.8 ebook |
| 245 00 - TITLE STATEMENT |
| Title |
Bifurcaciones de lo sensible : |
| Remainder of title |
cine, arte y nuevos medios / |
| Statement of responsibility, etc. |
Adolfo Vera, Sergio Navarro (editores) |
| 264 #1 - PRODUCTION, PUBLICATION, DISTRIBUTION, MANUFACTURE, AND COPYRIGHT NOTICE |
| Place of production, publication, distribution, manufacture |
Providencia, Santiago de Chile : |
| Name of producer, publisher, distributor, manufacturer |
Ril editores ; |
| Place of production, publication, distribution, manufacture |
[Valparaíso] : |
| Name of producer, publisher, distributor, manufacturer |
Universidad de Valparaíso, |
| Date of production, publication, distribution, manufacture, or copyright notice |
[2018] |
| 300 ## - PHYSICAL DESCRIPTION |
| Extent |
1 online resource. : |
| Other physical details |
illustrations. |
| 336 ## - CONTENT TYPE |
| Content type term |
text |
| Content type code |
txt |
| Source |
rdacontent |
| 337 ## - MEDIA TYPE |
| Media type term |
computer file |
| Media type code |
c |
| Source |
rdamedia |
| 338 ## - CARRIER TYPE |
| Carrier type term |
online resource |
| Carrier type code |
cr |
| Source |
rdacarrier |
| 347 ## - DIGITAL FILE CHARACTERISTICS |
| File type |
text file |
| Source |
rdaft |
| 347 ## - DIGITAL FILE CHARACTERISTICS |
| Encoding format |
PDF |
| 500 ## - GENERAL NOTE |
| General note |
"Universidad de Valparaíso, Chile; Convenio de Desempeño, Humanidades, Artes y Ciencias Sociales, Universidad de Valparaíso; Ministerio de Educación." |
| 504 ## - BIBLIOGRAPHY, ETC. NOTE |
| Bibliography, etc. note |
Includes bibliographical references. |
| 505 0# - FORMATTED CONTENTS NOTE |
| Formatted contents note |
Experimentos en el cine o el simio cinematográfico como cuasi-objeto / Beate Ochsner -- Benjamin y la paradoja del calcetín / Jean-Luis Déotte -- Pensamiento e imagen: Walter Benjamin y Aby Warburg / Lenin Pizarro Navio -- Trayetorias del capitalismo: del sujeto autómata a la automatización de la producción / Anselm Jappe -- Políticas de los autores: memorias políticas del cine / David Oubiña -- La opacidad de la memoria: Los Rubios de Albertina Carri, Estrella Distante de Roberto Bolaño / Sergio Navarro Mayorga -- El arte de la evocación en el cine contemporáneo (Eduardo Coutinho, Everardo González, Joshua Oppenheimer) / Román Domínguez Jiménez -- Las coordinadas de la tierra: lecciones de un cineasta / Gustavo Celedón B. -- Sobre la Movilografía / Ricahrd Bégin -- #fuerzavalpo: territorios virtuales y (man)comunidades digitales en Twitter / Anna Grebe -- La subtetivación digital: de la proyección a la inmersión / Adolfo Vera Peñalosa -- Del cine analógico al digital o el retorno de las imágenes / Marcelo Raffo Tironi -- Cuerpos frontera: mutación a través de interfaces digitales / Valeria Radrigán -- El momento que domina: la producción simbólica en las tecnologías digitales: nuevas subjetividades, nuevas representaciones / Edgar Doll Castillo -- Los nuevos trajes del museo: reflexiones a partir de la interferencia digital en el Museo de la Memoria y los derechos Humanos en Santiago de Chile / Jorge Budrivich Sáez y Udo Jacobsen Camus. |
| 588 0# - SOURCE OF DESCRIPTION NOTE |
| Source of description note |
Online resource; title from PDF title page (Digitalia, viewed October 20, 2020) |
| 650 #0 - SUBJECT ADDED ENTRY--TOPICAL TERM |
| Topical term or geographic name entry element |
Technological innovations |
| General subdivision |
Social aspects. |
| 650 #0 - SUBJECT ADDED ENTRY--TOPICAL TERM |
| Topical term or geographic name entry element |
Arts |
| General subdivision |
Technological innovations. |
| 650 #0 - SUBJECT ADDED ENTRY--TOPICAL TERM |
| Topical term or geographic name entry element |
Motion pictures |
| General subdivision |
History. |
| 655 #0 - INDEX TERM--GENRE/FORM |
| Genre/form data or focus term |
Electronic books. |
| 700 1# - ADDED ENTRY--PERSONAL NAME |
| Personal name |
Vera Peñaloza, Adolfo, |
| Dates associated with a name |
1975- |
| Relator term |
editor. |
| 700 1# - ADDED ENTRY--PERSONAL NAME |
| Personal name |
Navarro Mayorga, Sergio, |
| Relator term |
editor. |
| 791 2# - |
| -- |
Digitalia (Firm), |
| -- |
distributor. |
| 793 0# - |
| -- |
Digitalia eBook Collection: |
| -- |
Ril Editores |
| 776 08 - ADDITIONAL PHYSICAL FORM ENTRY |
| Relationship information |
Print version: |
| Title |
Bifurcaciones de lo sensible. |
| Edition |
Primera edición. |
| Place, publisher, and date of publication |
Santiago de Chile : Ril editores ; Valparaíso : Universidad de Valparaíso, 2017 |
| International Standard Book Number |
9789560105165 |
| Record control number |
(OCoLC)1039654130 |
| 856 40 - ELECTRONIC LOCATION AND ACCESS |
| Materials specified |
Digitalia Hispánica |
| Uniform Resource Identifier |
<a href="https://www.digitaliapublishing.com/a/65316/">https://www.digitaliapublishing.com/a/65316/</a> |
| 910 ## - USER-OPTION DATA (OCLC) |
| User-option data |
Premium collection: 2020 |
| 942 ## - ADDED ENTRY ELEMENTS (KOHA) |
| Koha item type |
Recurso Electrónico |